000 00594nam a2200193Ia 4500
005 20260601193249.0
008 260601s9999||||xx |||||||||||||| ||und||
020 _a978-981-97-4387-2
_qebk
100 _aYuan Tian
245 0 _aBig Data and Security
250 _a2024
260 _aHeidelberg, Germany
_bSpringer Nature
_c2024
440 _aCommunications in Computer and Information Science
650 _aComputer Science
700 _aMuhammad Khurram Khan
700 _aTinghuai Ma
856 _uhttps://link.springer.com/openurl?genre=book&isbn=978-981-97-4387-2
942 _cEB
_2ddc
999 _c56666
_d56666